| 000 | 00631nam a2200241Ia 4500 | ||
|---|---|---|---|
| 003 | OSt | ||
| 005 | 20221005083631.0 | ||
| 006 | a|||||r|||| 00| 0 | ||
| 007 | ta | ||
| 008 | 221004b |||||||| |||| 00| 0 eng d | ||
| 024 | _a54683 | ||
| 037 | _cTextual | ||
| 040 |
_aCRL _cCRL _beng |
||
| 041 |
_2eng _aeng |
||
| 082 | _aT.43aN7, M7 | ||
| 100 |
_aAltbach Philip G _938394 |
||
| 245 | 0 |
_aEducation in South Asia _b A bibliography |
|
| 260 |
_aNew Delhi _bVistaar _c1987 |
||
| 300 |
_a360p. _ccm. |
||
| 650 | _aEDUCATION | ||
| 942 |
_hT.43aN7, M7 _cTEXL _2cc |
||
| 999 |
_c991320 _d991320 |
||